000 01689nam a2200277 4500
001 113814
003 DR-UNIBE
005 20250702103630.0
008 250702b2017 dr ||||| |||| 00| 0 spa d
020 _a9789945468663
040 _aBIBLIOTECA UNIBE
_bspa
_cBIBLIOTECA UNIBE
_erda
041 _aspa
082 _222
_aRD 707 L816e
100 1 0 _aLockhart, María Soledad
_9196873
_eautor
245 1 0 _aEducación artística 1 :
_bpor una educación de calidad, avancemos ahora /
_cMaría Soledad Lockhart
260 _aSanto Domingo :
_bMinsiterio de Educación (MINERD),
_c2017
300 _a152 páginas :
_bilustraciones a color ;
_c27 x 21 cm
500 _aSe leen los nombre de los colabores pertenecientes a la Dirección de Medios Educativos en la contraportada principal
505 _aPresentación | Introducción | Unidad 1. Juega conmigo | Unidad 2. Soy único, soy unica | Unidad 3. Angelita y Popi visitan a Tata, la vaca | Unidad 4. El escondido | Unidad 5. El espejo | Unidad 6. La forma escondida, ¿qué será? | Unidad 7. La gallinita ciega | Unidad 8. La navidad | Unidad 9. Angelita y Popi viajan al espacio | Unidad 10. Roba la gallina | Unidad 11. Observa | Unidad 12. El juego de las especies protegidas | Unidad 13. El tesoro escondido | Unidad 14. Los títeres hacen T.V.
650 7 _2lemb
_aArte
_vLibros de texto
_xEnseñanza
_xEducación primaria
_zRepública Dominicana
_9196880
700 1 0 _aMolinaza, José
_995643
_ecoordinador
700 1 0 _aCamejo, Marcia José
_9196875
_ediseñador
_ediagramador
700 1 0 _aReyes Guzmán, Luis E.
_9196876
_eilustrador
700 1 0 _aSagiovanni, Carlos
_9196877
_edsieñador de portada
942 _2ddc
_cBK
999 _c113814
_d113814